000 00429nam a2200181Ia 4500
001 16050
005 20260306170241.0
008 260306t2008||||xx |||||||||||||| ||und||
041 _aESP
082 _a346.6
_bA32
100 _aAguirre, Ignacio V.
_eAUT
245 0 _aLa contratación en el siglo XXI
260 _c2008
300 _a151 pƔginas :
_c23 cm.
650 _aGEN
654 _aCDE
942 _cLIB
_dJUS
_fJUS
_2ddc
_n
999 _c16050
_d16050